| 000 | 00681nam a2200253Ia 4500 | ||
|---|---|---|---|
| 003 | OSt | ||
| 005 | 20220918192317.0 | ||
| 006 | a|||||r|||| 00| 0 | ||
| 007 | ta | ||
| 008 | 220917b |||||||| |||| 00| 0 eng d | ||
| 024 | _a67,814 | ||
| 037 | _cTextual | ||
| 040 |
_aARTS _cARTS _beng |
||
| 041 |
_2eng _aeng |
||
| 082 | _aR3xM59,1:g, K9;L6 | ||
| 100 |
_aMohanty J N _914307 |
||
| 245 | 0 | _aEdmund Husserl's theory of meaning | |
| 260 |
_aHague _bMartinus Nijhoff _c1976 |
||
| 300 |
_axxxii,150p. _ccm. |
||
| 490 | _aPhaenomenologica; 14 | ||
| 500 | _aBib 146-48p | ||
| 942 |
_hR3xM59,1:g, K9;L6 _cTEXL _2CC |
||
| 999 |
_c194047 _d194047 |
||